=LDR 00000nam 2200000 4500 =001 INLIS000000000016081 =005 20201117085443 =035 ##$$a 0010-061300000016081 =008 201117################g##########0#ind## =041 ##$$a Ind =082 ##$$a 324.259 8 =090 ##$$a 324.259 8, Hal m =100 1#$$a Halawa, Ohiao =245 1#$$a Membangun citra partai profil Drs. Soerjadi ketua umum DPP PDI periode 1986-1993. /$c Halawa, Ohio =260 ##$$a Jakarta :$b Nyiur Indah Alam Sejati,$c 1993 =300 ##$$a vii 142 hlm. : $b ilus. ; $c 21x14 cm =650 #4$$a Partai politik =850 ##$$a NBPNMAT =084 ##$$a 324.259 8 HAL m =250 ##$$a cet.1 =990 ##$$a 85.159/pro.95 =990 ##$$a 85.160/pro.95 =990 ##$$a 85.161/pro.95